Statistics for Is it Ionic or Covalent?

Click here to take the quiz!

General Stats

  • This quiz has been taken 91 times
  • The average score is 15 of 15

Answer Stats

HintAnswer% Correct
H2O (water)Covalent
100%
C6H12O6 (glucose)Covalent
99%
NaCl (salt)Ionic
99%
Hexane (C6H14)Covalent
98%
NH3Covalent
98%
N2S4Covalent
98%
PbSIonic
98%
MgSO4Ionic
98%
KClIonic
98%
MgCl2Ionic
98%
NH3 (ammonia)Covalent
96%
KMnO4Ionic
96%
AgNO3Ionic
96%
H2O2Covalent
95%
AgClO3Ionic
95%

Score Distribution

Percentile by Number Answered

Percent of People with Each Score

Your Score History

You have not taken this quiz